000
00248nam a22001217a 4500
008
170529b xxu||||| |||| 00| 0 eng d
041
_a
eng
080
_a
007
100
_a
27
101
_a
IM
245
_a
SIBERNETIK
_c
AKALIN, S
942
_2
udc
_c
BK
999
_c
14739
_d
14739